000 02683cam a2200325 4500500
005 20260329021413.0
041 _afre
042 _adc
100 1 0 _aBazamounana, Lazare N’da
_eauthor
700 1 0 _aKouamé, Konan Simon
_eauthor
700 1 0 _aYeo-Tenena, Yessonguilan
_eauthor
700 1 0 _aKonan, Koffi Paulin
_eauthor
245 0 0 _aInfluence des croyances et de l’immigration sur la résistance au déguerpissement chez les habitants des quartiers précaires d’Abidjan (Côte d’Ivoire)
260 _c2013.
500 _a83
520 _aLa présente étude vise à appréhender la perception que les habitants des quartiers précaires d’Abidjan ont des risques multiples liés à leur cadre de vie sous l’angle des croyances qu’ils développent et de leur statut sociogéographique. Cette recherche repose sur deux hypothèses soumises à l’épreuve des faits. Les informations sont recueillies auprès de 120 chefs de familles vivant dans des quartiers précaires, âgés de 45 à 50 ans et totalisant une ancienneté d’au moins 2 ans sur le site. Les résultats obtenus sur la base du khi carré de Pearson permettent d’affirmer qu’il existe une relation entre les croyances, l’immigration et la perception des risques par les habitants des quartiers précaires. Les résultats de cette enquête montrent que l’explication des comportements à risque doit prendre en compte les croyances et le statut des personnes impliquées.
520 _aThis study amis to understand the perception that people in poor neighborhoods of Abidjan have multiple risks related to their living environment in terms of beliefs they develop and their status sociogeographic. This research is based on two assumptions that are subject to the test of facts. The information are collected from 120 heads of families living in shantytowns, aged 45 to 50 years and a total length of at least 2 years on the site. The results based on the Pearson chi-square can be concluded that there is a relationship between beliefs, immigration and risk perception by residents of poor neighborhoods. The results of this survey show that the explanation of risk behavior must take into account the beliefs and the status of those involved.
690 _aaccidents
690 _acroyances
690 _aperception
690 _arisques
690 _astatut
690 _aaccidents
690 _abeliefs
690 _aimmigration
690 _aperception
690 _arisks
786 0 _nPsy Cause | 63 | 2 | 2013-01-15 | p. 31-37 | 1245-2394
856 4 1 _uhttps://shs.cairn.info/revue-psy-cause-2013-2-page-31?lang=fr&redirect-ssocas=7080
999 _c1912311
_d1912311